[Event "AUT-ch U10"]
[Site "Linz"]
[Date "2013.06.01"]
[Round "4"]
[White "Loreth, Thomas"]
[Black "Gallob, Daniel"]
[Result "1-0"]
[WhiteElo "1242"]
[BlackElo "1488"]
[PlyCount "35"]
[EventDate "2013.05.31"]
[EventType "swiss"]
[EventRounds "7"]
[EventCountry "AUT"]
[SourceTitle "EXT 2015"]
[Source "ChessBase"]
[SourceDate "2014.11.20"]
[SourceVersion "1"]
[SourceVersionDate "2014.11.20"]
[SourceQuality "1"]

1. e4 c5 2. Nf3 Nc6 3. d4 cxd4 4. Nxd4 d6 5. Nc3 Nf6 6. Be3 e5 7. Nxc6 bxc6 8. Bc4 Qe7 9. Qd3 Be6 10. Bxe6 Qxe6 11. Qa6 c5 12. Qc6+ Nd7 13. Qxa8+ Ke7 14. Nd5+ Qxd5 15. exd5 f6 16. f4 exf4 17. Bxf4 Nb6 18. Qc6 1-0